| 000 | 00437nam a22001577a 4500 | ||
|---|---|---|---|
| 003 | macl | ||
| 005 | 20200318134224.0 | ||
| 008 | 200318b xxu||||| |||| 00| 0 eng d | ||
| 040 | _cmacl | ||
| 082 | _a400 | ||
| 100 |
_aPub.Examcart Experts _978697 |
||
| 245 | _aसंस्कृत भाषा का Paper Leak | ||
| 260 |
_aAgra _bExamcart Experts |
||
| 650 |
_aसंस्कृत भाषा _978698 |
||
| 942 |
_2ddc _cHIN |
||
| 999 |
_c62449 _d62449 |
||